Large hadron collider (Record no. 67170)

MARC details
000 -LEADER
fixed length control field 00465nam a22001577a 4500
005 - DATE AND TIME OF LATEST TRANSACTION
control field 20130926154725.0
008 - FIXED-LENGTH DATA ELEMENTS--GENERAL INFORMATION
fixed length control field 100713t xxu||||| |||| 00| 0 eng d
020 ## - INTERNATIONAL STANDARD BOOK NUMBER
International Standard Book Number 9781439804018
080 ## - UNIVERSAL DECIMAL CLASSIFICATION NUMBER
Universal Decimal Classification number 004.775:004.41
Item number EVA
100 ## - MAIN ENTRY--PERSONAL NAME
Personal name Evans, Lyndon., ed.
Role ed. by.
245 ## - TITLE STATEMENT
Title Large hadron collider:
Remainder of title a marvel of technology
260 ## - PUBLICATION, DISTRIBUTION, ETC. (IMPRINT)
Place of publication, distribution, etc Boca Raton
Name of publisher, distributor, etc CRC Press
Date of publication, distribution, etc 2009
300 ## - PHYSICAL DESCRIPTION
Extent 244p.
653 ## - INDEX TERM--UNCONTROLLED
Uncontrolled term Hadron collider
-- Protons
-- High-energy Physics
942 ## - ADDED ENTRY ELEMENTS (KOHA)
item type Books
Holdings
Lost status Source of classification or shelving scheme Not for loan Home library Current library Shelving location Date acquired Total Checkouts Full call number Barcode Date last seen Date checked out Price effective from Koha item type
  Universal Decimal Classification   University Library University Library General Stacks 13/07/2010 4 539.125.4 EVA 00063151 02/08/2017 19/07/2017 13/07/2010 Books
University Library, CUSAT